The Faucet Inn Pub Co plc v Ottley Corporation (Record no. 76846)
[ view plain ]
| 000 -LEADER | |
|---|---|
| fixed length control field | 01692cab a2200217 4500 |
| 001 - CONTROL NUMBER | |
| control field | ##L133179 |
| 008 - FIXED-LENGTH DATA ELEMENTS--GENERAL INFORMATION | |
| fixed length control field | 060419n2006 000 0 eng u |
| 035 ## - SYSTEM CONTROL NUMBER | |
| System control number | (Sirsi) u133179 |
| 041 0# - LANGUAGE CODE | |
| Language code of text/sound track or separate title | eng |
| 245 04 - TITLE STATEMENT | |
| Title | The Faucet Inn Pub Co plc v Ottley Corporation |
| 260 ## - PUBLICATION, DISTRIBUTION, ETC. | |
| Date of publication, distribution, etc. | 2006 |
| 490 #0 - SERIES STATEMENT | |
| Series statement | Estates Gazette |
| Volume/sequential designation | [2006] 14 EG 174(CS) (1) |
| 520 ## - SUMMARY, ETC. | |
| Summary, etc. | ChD, 27 March 2006. Considers whether the assessment of market rent at rent review should disregard prospective uses of a premises. F held a lease from O of commercial premises which provided for rent reviews to an open market rent assessed according to certain assumptions including assumption (iii) that the premises be let with vacant possession for immediate occupation and use for the uses for the time being permitted under the lease. In proceedings O contended that the expert's assessment had to take account of any prospective use of the premises for which O might reasonably be obliged to give consent in future. F argued that prospective uses should be disregarded and the premises were to be valued with their presently approved use. "Held": claim allowed. The claimant's interpretation was correct. Assumption (iii) was directed to the rent payable not to the condition of the premises. |
| 590 ## - LOCAL NOTE (RLIN) | |
| Local note | IKA250406 |
| 650 24 - SUBJECT ADDED ENTRY--TOPICAL TERM | |
| Topical term or geographic name entry element | FAUCET INN PUB CO PLC V OTTLEY CORPORATION |
| 650 24 - SUBJECT ADDED ENTRY--TOPICAL TERM | |
| Topical term or geographic name entry element | TOWN AND COUNTRY PLANNING (USE CLASSES) ORDER 1987 |
| 650 24 - SUBJECT ADDED ENTRY--TOPICAL TERM | |
| Topical term or geographic name entry element | PONTSARN INVESTMENTS LTD V KANSALLIS-OSAKE-PANKKI |
| 650 24 - SUBJECT ADDED ENTRY--TOPICAL TERM | |
| Topical term or geographic name entry element | BASINGSTOKE AND DEANE BC V HOST GROUP LTD |
| 690 ## - LOCAL SUBJECT ADDED ENTRY--TOPICAL TERM (OCLC, RLIN) | |
| Topical term or geographic name as entry element | PROPERTY-COMMERCIAL PROPERTY-LEASEHOLD COMMERCIAL PROPERTY-COMMERCIAL LANDLORD AND TENANT-BUSINESS TENANCIES-RENT REVIEW (BUSINESS TENANCIES) |
| 942 ## - ADDED ENTRY ELEMENTS (KOHA) | |
| Suppress in OPAC | 0 |
| Withdrawn status | Lost status | Source of classification or shelving scheme | Damaged status | Not for loan | Home library | Current library | Shelving location | Date acquired | Total Checkouts | Full call number | Barcode | Date last seen | Copy number | Price effective from | Koha item type |
|---|---|---|---|---|---|---|---|---|---|---|---|---|---|---|---|
| Dewey Decimal Classification | London | London | Journal article | 19/04/2006 | L133179 | 133179-1001 | 06/08/2019 | 1 | 06/08/2019 | Law report |